000 00986nam a2200253 u 4500
005 20220811145945.0
008 101201s2008 r 000 0 eng d
020 _a9789706865960 (13 dígitos)
020 _a9706865969 (10 dígitos)
035 _aUPN01000178857
049 _aCG
050 4 _aHD30.28
_bH5.2 2008
100 1 _aHitt, Michael A.
245 1 0 _aAdministración estratégica :
_bcompetividad y globalización, conceptos y casos /
_cMichael A. Hitt, R. Duane Ireland, Robert E. Hoskisson.
250 _a7a ed.
260 _aMéxico :
_bCengage learning,
_cc2008.
300 _axxiv, 343 p. :
_bil., figs.
534 _pTraducción de:
_tStategic management : competitiveness and globalization : concepts and cases
650 4 _aPlanificación estratégica
_vEstudio de casos
_95750
650 4 _aADMINISTRACION INDUSTRIAL -
_zESPAÑA -
_vESTUDIO DE CASOS
_914879
700 1 _aIreland, R. Duane,
_ecoaut.
700 1 _aHoskisson, Robert E.,
_ecoaut.
905 _aLibro
999 _c150960
_d150960